Famous CS:GO Commentator Lines 1 - Statistics

General Stats
  • This quiz has been taken 21 times
  • The average score is 8 of 20
Answer Stats
Hint Answer % Correct
"This is not FPL, this is a major!" s1mple (1v2 vs. fnatic)
100%
"The big apple and ____ is hungry.", "Ohh GuardiaN, bye-bye!", "What in gods name is that from ____?!" Snax (1v4 vs. NaVi)
88%
"Doesn't hit the noscope, doesn't hit the pistol, goes for the knife!" KennyS (1v1 vs. GuardiaN)
76%
"Oh my god, how does he do this? How does ____ do it again!?" Hiko (1v4 vs. Luminosity)
71%
"________, the man, the myth, the beast! What a play!" coldzera (1v4 vs. MOUZ)
59%
"Oh my god, he sprays and he gets both kills! And the grand final continues! 15 to 13!" friberg (1v2 vs. fnatic)
59%
"They're trying to build pyramids, but there's no more play!" Stewie2k (4k hold vs. FaZe)
53%
"Just- don't even buy guns, this guy could use a USP for the whole game and I would be convinced!" dennis (Ace vs. G2)
47%
"The shepherd's staff takes down the goat!" m0NESY (1v3 vs. NaVi)
47%
"He's going for it, the defuse is already happening, ____ are you kidding me!" Hiko (3k vs. Dignitas)
41%
"Oh my vocal chords! 4 frags in 4 seconds!" paszaBiceps (4k spraydown)
35%
"And in fact, they're going for huge plays! _______! Triple spray in a CPL and that shatters the defense, Cloud9!" dupreeh (3k vs. Cloud9)
29%
"The plows got wheels on it still! No gas, but it will roll." paszaBiceps (1v4 vs. Immortals)
29%
"A man not known for his mechanics has evaded one of the world's best." Zeus (1v1 vs. NiKo)
24%
"5 seconds dude! 5 seconds, ohh dude...WHAT?!" AdreN (180° flick)
18%
"Same angle, same angle! Oh my god, ______!" HObbit (4k 1v3 vs. Immortals)
18%
"And in the flames! Oh my god, ______! Have you ever seen an ace like that?" Stewie2k (Ace vs. Space Soldiers)
18%
"And ______, oh my lord! That can't possibly be real!" dev1ce (3k vs. NRG)
12%
"_______ clutches it! Are you kidding me? He does again, and again and again!" friberg (1v2 vs. fnatic)
12%
"_____, boing!" Nifty (Bunnyhop 4k vs. MOUZ)
12%
No matching quizzes found
Score Distribution
Percent of People with Each Score
Percentile by Number Answered
Your Score History
You have not taken this quiz